| 000 | 00804cam a22002535a 4500 | ||
|---|---|---|---|
| 001 | L155745 | ||
| 008 | 120413s2012 xxka f 000 0 eng u | ||
| 020 | _a9781848062566 | ||
| 035 | _a(Sirsi) u155745 | ||
| 041 | 0 | _aeng | |
| 100 | 1 | _aMacdonald, Norman | |
| 245 | 0 | 0 | _aFire doors |
| 260 |
_aWatford _bBRE _c2012 |
||
| 300 |
_a8p. _bill. _c30cm. |
||
| 490 | 0 |
_aBRE Digest _vDG 524 |
|
| 520 | _aDiscusses the role played by fire doors (including smoke control doors), the methods of assessing their performance and the requirements made under regulations and codes of practice. | ||
| 520 | _aSupercedes BRE Digest 320 (ISBN 9780851252483). | ||
| 521 | _aAdvanced | ||
| 590 | _aKA | ||
| 651 | 4 |
_aUnited Kingdom _y |
|
| 690 |
_aHealth and safety _96244 |
||
| 700 | 1 | _aRussell, Andy | |
| 942 | _n0 | ||
| 999 |
_c113790 _d113790 |
||